000
00259nam a22001217a 4500
008
170421b xxu||||| |||| 00| 0 eng d
041
_a
eng
080
_a
573
100
_a
11
101
_a
SHM
245
_a
HUMAN EMBRYOLOGY
_c
HAMILTON, W.J
942
_2
udc
_c
BK
999
_c
11393
_d
11393